000 00462nam a2200229Ia 4500
008 210210b1849 xxu||||| |||| 00| 0 eng d
041 _aeng
082 _a911/18
100 _aHEAD
245 _aRome, a tour of many days III
260 _aLondon
_b-
_c1849
650 _atour
650 _aRome,
650 _aof
650 _amany
650 _aIII
650 _adays
650 _aa
690 _aTravel
700 _aGEORGE
906 _a024689
999 _c150312
_d150312